The CLEP general examinations in American colleges and universities /

Saved in:
Bibliographic Details
Main Authors: Grandy, Jerilee., Shea, Walter M., (joint author.)
Corporate Author: Educational Testing Service.
Format: Book
Language:English
Published: [New York] : College-Level Examination Program of the College Entrance Examination Board, c1976.
Subjects:
Tags: Add Tag
No Tags, Be the first to tag this record!
LEADER 00981nam a2200265 i 4500
001 001044301-0
005 20020606090541.3
008 761220s1976 nyuk 00010 engm
010 |a  76382783  
035 0 |a ocm02705649 
040 |a DLC  |c DLC  |d m.c. 
043 |a n-us--- 
050 0 4 |a LB2367  |b .G73 
100 1 |a Grandy, Jerilee. 
245 1 4 |a The CLEP general examinations in American colleges and universities /  |c Jerilee Grandy and Walter M. Shea. 
260 0 |a [New York] :  |b College-Level Examination Program of the College Entrance Examination Board,  |c c1976. 
300 |a 23 p. :  |b forms ;  |c 28 cm. 
500 |a Prepared by Educational Testing Service. 
610 2 0 |a College Entrance Examination Board.  |b College-Level Examination Program. 
650 0 |a Universities and colleges  |z United States  |x Examinations. 
700 1 |a Shea, Walter M.,  |e joint author. 
710 2 |a Educational Testing Service. 
700 1 |a Shea, Walter M.,  |e author. 
988 |a 20020608 
906 |0 DLC